000 00362pam a2200157a 44500
008 230515b1990 xxu||||| |||| 00| 0 eng d
020 _aNULL
041 _aENGLISH
082 _aN.D.
100 _aOracle
245 _aSQL Menu User Guide & Reference Verson 5.0
250 _a0
260 _aNULL
_bMcgraw Hill Pub.
_c1990
300 _a146
650 _aNULL
999 _c575382
_d575382